| 000 | 00972nam a2200241 a 4500 | ||
|---|---|---|---|
| 001 | 000994340 | ||
| 003 | AM-YeHGA | ||
| 005 | 20250617150351.0 | ||
| 008 | 131127s2005 ai r 000 0 arm d | ||
| 020 | _a9789292358976 | ||
| 040 | _aAM-YeHGA | ||
| 041 | 0 | _aarm | |
| 245 | 0 | 0 |
_aՀանքերի փակում : _bՀանքարդունահանման կայուն շահագործման քաղաքականություն և ուղեցույցներ ու հանքերի փակում / _cԽմբ.՝ Ա. Բաղդասարյան և ուրիշն. |
| 260 |
_aԵ. : _bԱսողիկ, _c2005. |
||
| 300 |
_a154 էջ : _bնկ., գծանկ., աղյս. |
||
| 500 | _aՄատենագիտ.՝ էջ 135-138 անգլ. | ||
| 504 | _aՏողատ. ծանոթ. | ||
| 525 | _aՀավելված՝ էջ 141-154 | ||
| 650 | 1 | 4 | _aՇրջակա միջավայրի պահպանություն |
| 650 | 1 | 4 | _aՀանքավայրեր |
| 700 | 1 |
_aԲաղդասարյան, Ա. _eխմբ. _4edt |
|
| 090 | _c331322 | ||
| 999 |
_c329568 _d329568 |
||